[Event "Rated Blitz game"]
[Site "?"]
[Date "2021.03.07"]
[Round "?"]
[White "Haydon"]
[Black "pasha1984"]
[Result "1-0"]
[WhiteElo "2616"]
[BlackElo "2422"]
[PlyCount "61"]
[EventDate "2021.??.??"]
[EventType "blitz"]

1. e4 e5 2. Nf3 d5 3. Nxe5 dxe4 4. d4 Bd6 5. Nc4 Nc6 6. Nxd6+ Qxd6 7. c3 Nge7
8. g3 O-O 9. Bg2 Bf5 10. O-O Rfe8 11. Re1 Ng6 12. Nd2 Qd5 13. Nf1 Rad8 14. Ne3
Qd7 15. Nxf5 Qxf5 16. Qc2 Re7 17. Rxe4 h5 18. h4 Rde8 19. f3 Rxe4 20. fxe4 Qg4
21. Kh2 Nxh4 22. gxh4 Qxh4+ 23. Kg1 Qe1+ 24. Kh2 Qh4+ 25. Bh3 Rxe4 26. Qg2 Rg4
27. Qf3 Rg6 28. Bf4 Rf6 29. Rf1 g5 30. Bxg5 Rxf3 31. Bxh4 {Normal} 1-0

[Event "Rated Blitz game"]
[Site "?"]
[Date "2021.03.07"]
[Round "?"]
[White "LuisFlaquer"]
[Black "Blind2250"]
[Result "1-0"]
[WhiteElo "2436"]
[BlackElo "2416"]
[PlyCount "41"]
[EventDate "2021.??.??"]
[EventType "blitz"]

1. e4 e5 2. Nf3 d5 3. Nxe5 Bd6 4. d4 dxe4 5. Bf4 Nf6 6. Nc3 O-O 7. Bg5 Bf5 8.
g4 Bxe5 9. dxe5 Qxd1+ 10. Rxd1 Nxg4 11. Bf4 Nc6 12. Nd5 Rac8 13. h3 Ngxe5 14.
Bxe5 Nxe5 15. Ne7+ Kh8 16. Nxf5 g6 17. Ne3 f5 18. Be2 Kg7 19. Nc4 c6 20. Nxe5
Kf6 21. Nd7+ {Normal} 1-0

[Event "Rated Blitz game"]
[Site "?"]
[Date "2021.03.07"]
[Round "?"]
[White "Oladipo30"]
[Black "KamranShirazi"]
[Result "1-0"]
[WhiteElo "2464"]
[BlackElo "2462"]
[PlyCount "109"]
[EventDate "2021.??.??"]
[EventType "blitz"]

1. e4 e5 2. Nf3 d5 3. d4 dxe4 4. Nxe5 Nd7 5. Bf4 Nxe5 6. Bxe5 Nf6 7. Bc4 Bd6 8.
O-O Bxe5 9. dxe5 Qxd1 10. Rxd1 Ng4 11. e6 Bxe6 12. Bxe6 fxe6 13. Nc3 e3 14. f3
Ne5 15. Re1 Nc4 16. b3 Na3 17. Rac1 O-O-O 18. Rxe3 Rd2 19. Rxe6 Nxc2 20. Ne4
Rhd8 21. Nxd2 Rxd2 22. Re7 c6 23. Rxg7 h5 24. h4 a5 25. Rg5 Nd4 26. Re1 Rxa2
27. Re7 Kb8 28. Rgg7 Ka7 29. Rxb7+ Ka6 30. Rb8 Rb2 31. Rg5 Rxb3 32. Ra8+ Kb6
33. Raxa5 Ne2+ 34. Kh2 Rb4 35. Rxh5 Nf4 36. Rhf5 Ne2 37. g3 Nd4 38. Rh5 Nxf3+
39. Kh3 Ng1+ 40. Kg2 Ne2 41. Ra8 Kb7 42. Rg8 Rb2 43. Rh7+ Ka6 44. Ra8+ Kb5 45.
Rb8+ Kc5 46. Rxb2 Nd4 47. Rd2 Nb3 48. Rh5+ Kb6 49. Rb2 Kc7 50. Rxb3 Kd6 51. Rc3
c5 52. Rcxc5 Kd7 53. Ra5 Kd8 54. Rh7 Kc8 55. Ra8# {Normal} 1-0

[Event "Rated Blitz tournament Oz7HaZRR"]
[Site "?"]
[Date "2021.03.07"]
[Round "?"]
[White "gracjan17"]
[Black "geptil"]
[Result "0-1"]
[WhiteElo "2442"]
[BlackElo "2399"]
[PlyCount "60"]
[EventDate "2021.??.??"]
[EventType "blitz"]

1. e4 e5 2. Nf3 d5 3. exd5 e4 4. Nd4 Qxd5 5. Nb3 Nf6 6. Nc3 Qf5 7. d3 Bb4 8.
Bd2 O-O 9. dxe4 Nxe4 10. Nxe4 Qxe4+ 11. Qe2 Bxd2+ 12. Nxd2 Qxc2 13. Nf3 Qc6 14.
Ne5 Qb6 15. Qc4 Be6 16. Qc3 Nc6 17. Nxc6 bxc6 18. Be2 Rab8 19. b3 Bd5 20. O-O
Rbe8 21. Bf3 Re6 22. Bxd5 cxd5 23. Rac1 c6 24. Rfe1 Rf6 25. Qc5 Qxc5 26. Rxc5
Rc8 27. Ra5 Re6 28. Re5 Rxe5 29. g3 Re7 30. Kg2 Kf8 {Normal} 0-1

[Event "Rated Blitz tournament euDkqVWI"]
[Site "?"]
[Date "2021.03.07"]
[Round "?"]
[White "JoeAssaad"]
[Black "Mewii2021"]
[Result "1-0"]
[WhiteElo "2428"]
[BlackElo "2369"]
[PlyCount "49"]
[EventDate "2021.??.??"]
[EventType "blitz"]

1. e4 e5 2. Nf3 d5 3. Nxe5 Bd6 4. d4 dxe4 5. Nc4 Nf6 6. Nc3 O-O 7. Bg5 Re8 8.
Be2 Nc6 9. O-O Nxd4 10. Nxd6 Qxd6 11. h3 c5 12. Re1 Bf5 13. Qc1 Qd7 14. Bxf6
gxf6 15. Bc4 Kh8 16. Qh6 Bg6 17. Rad1 Rad8 18. Bb5 Qf5 19. Bxe8 Rxe8 20. Qh4
Nxc2 21. Rxe4 Rxe4 22. Nxe4 Nd4 23. Nxc5 Ne2+ 24. Kf1 Nf4 25. Qh6 {Normal} 1-0

[Event "Rated Blitz game"]
[Site "?"]
[Date "2021.03.06"]
[Round "?"]
[White "Vlad_Baziuk"]
[Black "barbus89"]
[Result "1-0"]
[WhiteElo "2403"]
[BlackElo "2333"]
[PlyCount "37"]
[EventDate "2021.??.??"]
[EventType "blitz"]

1. e4 e5 2. Nf3 d5 3. exd5 e4 4. Qe2 Nf6 5. d3 Qxd5 6. Nbd2 Bf5 7. Ng5 Bb4 8.
c3 O-O 9. dxe4 Bxe4 10. Ngxe4 Nxe4 11. Nxe4 Re8 12. Nf6+ gxf6 13. Qxe8+ Kg7 14.
cxb4 Nc6 15. Qxa8 Nxb4 16. Be2 Qxg2 17. Bh6+ Kxh6 18. Qf8+ Kg6 19. Qg8+ {Normal
} 1-0

[Event "Rated Blitz tournament A8WwplQH"]
[Site "?"]
[Date "2021.03.06"]
[Round "?"]
[White "q-zma"]
[Black "D_BKD"]
[Result "0-1"]
[WhiteElo "2306"]
[BlackElo "2413"]
[PlyCount "24"]
[EventDate "2021.??.??"]
[EventType "blitz"]

1. e4 e5 2. Nf3 d5 3. Nxe5 dxe4 4. d4 Nd7 5. Nc4 Ngf6 6. Ne3 Be7 7. c4 O-O 8.
Nc3 c6 9. Qc2 Re8 10. Nxe4 Nxe4 11. Qxe4 Bb4+ 12. Bd2 Bxd2+ {Normal} 0-1

[Event "Rated Blitz tournament 3UTJSols"]
[Site "?"]
[Date "2021.03.06"]
[Round "?"]
[White "Kastorcito"]
[Black "tiberionsky"]
[Result "0-1"]
[WhiteElo "2631"]
[BlackElo "2212"]
[PlyCount "46"]
[EventDate "2021.??.??"]
[EventType "blitz"]

1. e4 e5 2. Nf3 d5 3. Bc4 dxc4 4. Qe2 Be6 5. Na3 Bxa3 6. bxa3 Nc6 7. Rb1 Rb8 8.
Bb2 Nd4 9. Bxd4 exd4 10. e5 d3 11. cxd3 Qxd3 12. Qd1 Bf5 13. Rc1 Ne7 14. Rc3
Qd5 15. O-O Bd3 16. Re1 O-O 17. e6 fxe6 18. Re5 Qd6 19. Qe1 Bf5 20. Rxc4 Nd5
21. Rh4 h6 22. d4 Ne7 23. h3 Ng6 {Normal} 0-1

[Event "Rated Blitz tournament mar21bta"]
[Site "?"]
[Date "2021.03.06"]
[Round "?"]
[White "kyart2"]
[Black "KrAKeN_1"]
[Result "1/2-1/2"]
[WhiteElo "2803"]
[BlackElo "2503"]
[PlyCount "60"]
[EventDate "2021.??.??"]
[EventType "blitz"]

1. e4 e5 2. Nf3 d5 3. d4 dxe4 4. Nxe5 Bd6 5. Bc4 Bxe5 6. Qh5 Qe7 7. dxe5 Be6 8.
Bxe6 Qxe6 9. Nc3 Nc6 10. Bf4 O-O-O 11. O-O f5 12. exf6 Nxf6 13. Qh4 h6 14. Be3
g5 15. Qg3 Nh5 16. Qh3 Qxh3 17. gxh3 Ne5 18. Nxe4 Nf3+ 19. Kg2 Nh4+ 20. Kh1
Rhf8 21. Rad1 Rde8 22. Ng3 Nf4 23. a4 Nxh3 24. a5 Rxe3 25. fxe3 Nf2+ 26. Kg1
Nh3+ 27. Kh1 Nf2+ 28. Kg1 Nh3+ 29. Kh1 Nf2+ 30. Kg1 Nh3+ {Normal} 1/2-1/2

[Event "Rated Blitz tournament mar21bta"]
[Site "?"]
[Date "2021.03.06"]
[Round "?"]
[White "Ranindu___chess"]
[Black "fuglfonix"]
[Result "1-0"]
[WhiteElo "2435"]
[BlackElo "2328"]
[PlyCount "95"]
[EventDate "2021.??.??"]
[EventType "blitz"]

1. e4 e5 2. Nf3 d5 3. Nxe5 Bd6 4. d4 dxe4 5. Bc4 Bxe5 6. Qh5 Qf6 7. dxe5 Qg6 8.
Qxg6 hxg6 9. Nc3 Nc6 10. Bf4 Bf5 11. O-O-O Nge7 12. h3 Na5 13. Be2 Bd7 14. Nxe4
O-O-O 15. Nc5 Nac6 16. Rhe1 Be6 17. Nxe6 fxe6 18. Bc4 Nd5 19. Bxd5 exd5 20. e6
Rde8 21. Bg5 d4 22. f4 Rhf8 23. Rd3 Rf5 24. c3 Rd5 25. Re4 Rd6 26. e7 Rd7 27.
cxd4 Nb4 28. Rde3 Nxa2+ 29. Kb1 Nb4 30. Re6 Nd5 31. Re1 Rd6 32. Rxd6 cxd6 33.
Re6 Kd7 34. Rxg6 Rg8 35. h4 a5 36. h5 Nxe7 37. Bxe7 Kxe7 38. h6 Kf7 39. Rxg7+
Rxg7 40. hxg7 Kxg7 41. Kc2 b5 42. g4 Kg6 43. Kd3 Kf6 44. Ke4 Ke6 45. f5+ Kf6
46. Kd5 Ke7 47. Kc6 b4 48. Kb5 {Normal} 1-0

[Event "Rated Blitz game"]
[Site "?"]
[Date "2021.03.06"]
[Round "?"]
[White "EinsKomma0"]
[Black "Lorian2514"]
[Result "0-1"]
[WhiteElo "2275"]
[BlackElo "2429"]
[PlyCount "38"]
[EventDate "2021.??.??"]
[EventType "blitz"]

1. e4 e5 2. Nf3 d5 3. Nxe5 Bd6 4. d4 dxe4 5. Qh5 Be6 6. Nc3 Nf6 7. Qe2 Bb4 8.
Be3 O-O 9. O-O-O Bxc3 10. bxc3 Bxa2 11. c4 b5 12. cxb5 a6 13. bxa6 Nxa6 14. c3
Bb3 15. Rd2 Qd6 16. Rb2 Rfb8 17. c4 Qa3 18. Bg5 Qa1+ 19. Rb1 Qc3+ {Normal} 0-1

[Event "Rated Blitz game"]
[Site "?"]
[Date "2021.03.06"]
[Round "?"]
[White "ATCFaust"]
[Black "Gifroy"]
[Result "0-1"]
[WhiteElo "2333"]
[BlackElo "2418"]
[PlyCount "120"]
[EventDate "2021.??.??"]
[EventType "blitz"]

1. e4 e5 2. Nf3 d5 3. exd5 e4 4. Qe2 Nf6 5. d3 Qxd5 6. dxe4 Qxe4 7. Qxe4+ Nxe4
8. Nbd2 Bb4 9. c3 Nxd2 10. Bxd2 Bd6 11. Bd3 O-O 12. O-O Nc6 13. Rfe1 h6 14. h3
Be6 15. a3 Rfe8 16. Bc2 Bd5 17. Nh2 Ne5 18. Rad1 Bc6 19. Nf1 Nc4 20. Bc1 Rad8
21. Ne3 Nxe3 22. Bxe3 a6 23. Bd4 Kf8 24. c4 Rxe1+ 25. Rxe1 Bxa3 26. Bxg7+ Kxg7
27. bxa3 Rd2 28. Be4 Bxe4 29. Rxe4 Ra2 30. Re7 Rxa3 31. Rxc7 Rb3 32. Kf1 a5 33.
Rc8 Rb4 34. Ra8 a4 35. c5 Kf6 36. Ke2 Ke5 37. Rb8 Rb3 38. Kd2 Kd5 39. Kc2 Kxc5
40. Rf8 b5 41. Rxf7 Rb4 42. Rf5+ Kb6 43. f4 Rc4+ 44. Kb2 Ka5 45. Rf6 Kb4 46. g4
a3+ 47. Ka2 Rc2+ 48. Kb1 Rh2 49. Re6 Rxh3 50. Re2 Kb3 51. Re1 b4 52. Ka1 Ka4
53. f5 b3 54. Re4+ Kb5 55. Re1 Rf3 56. Rd1 Kc4 57. Rc1+ Kd3 58. Rd1+ Kc2 59.
Rb1 a2 60. Rb2+ Kc1 {Time forfeit} 0-1

[Event "Rated Blitz game"]
[Site "?"]
[Date "2021.03.06"]
[Round "?"]
[White "RadosCal"]
[Black "batasjon"]
[Result "1-0"]
[WhiteElo "2453"]
[BlackElo "2290"]
[PlyCount "101"]
[EventDate "2021.??.??"]
[EventType "blitz"]

1. e4 e5 2. Nf3 d5 3. Nxe5 Bd6 4. d4 dxe4 5. Nc3 Nf6 6. Bc4 O-O 7. O-O Nbd7 8.
Nxd7 Bxd7 9. Bg5 h6 10. Bh4 g5 11. Bg3 Bf4 12. Re1 Bf5 13. Bb3 Re8 14. Qe2 Qd7
15. Rad1 c6 16. Qc4 Re7 17. Na4 b6 18. Nc3 Rae8 19. d5 c5 20. d6 Re5 21. Ba4
Qd8 22. Bxe8 Qxe8 23. Qb5 Bd7 24. Qa6 e3 25. fxe3 Rxe3 26. Rxe3 Bxe3+ 27. Kh1
Nh5 28. Qe2 f5 29. Nd5 Kg7 30. Qxe3 Qxe3 31. Nxe3 f4 32. Bxf4 Nxf4 33. Nc4 Kf6
34. Rf1 Ke6 35. Re1+ Kd5 36. b3 b5 37. Rd1+ Ke6 38. Ne3 Bc6 39. Kg1 h5 40. Kf2
h4 41. g3 Nh3+ 42. Ke2 hxg3 43. hxg3 g4 44. c4 Ng5 45. cxb5 Bf3+ 46. Kd2 Bxd1
47. Nxd1 Ne4+ 48. Ke3 Nxg3 49. Kf4 Ne2+ 50. Kxg4 Nc3 51. Nxc3 {Normal} 1-0

[Event "Rated Blitz game"]
[Site "?"]
[Date "2021.03.06"]
[Round "?"]
[White "absh71"]
[Black "Blind2250"]
[Result "0-1"]
[WhiteElo "2315"]
[BlackElo "2401"]
[PlyCount "114"]
[EventDate "2021.??.??"]
[EventType "blitz"]

1. e4 e5 2. Nf3 d5 3. Nc3 dxe4 4. Nxe4 Nf6 5. Nxf6+ Qxf6 6. Be2 Bc5 7. d3 O-O
8. O-O Nc6 9. c3 Bg4 10. Ng5 Bxe2 11. Qxe2 Qg6 12. Ne4 Bb6 13. Be3 f5 14. Bxb6
axb6 15. Nd2 Rae8 16. Rfe1 h5 17. Qf3 h4 18. h3 Rd8 19. Nc4 Qf6 20. Rad1 b5 21.
Ne3 b4 22. Nd5 Qf7 23. c4 Nd4 24. Qe3 Nc2 25. Qxe5 Nxe1 26. Qxe1 Rfe8 27. Qxb4
c6 28. Ne3 g6 29. d4 Re4 30. d5 cxd5 31. Qc5 d4 32. Nd5 Qe6 33. Rxd4 Re1+ 34.
Kh2 Qd6+ 35. Qxd6 Rxd6 36. Ne7+ Rxe7 37. Rxd6 Kf7 38. Rb6 Kg7 39. c5 Kh6 40. b4
Kg5 41. a4 Kf4 42. a5 g5 43. b5 g4 44. hxg4 fxg4 45. Rf6+ Kg5 46. Rd6 Re2 47.
Rd5+ Kf4 48. Rd4+ Kf5 49. c6 bxc6 50. bxc6 Rc2 51. a6 Rxc6 52. a7 Ra6 53. Ra4
Rxa4 54. a8=Q Rxa8 55. g3 hxg3+ 56. Kxg3 Ra3+ 57. Kh4 Kf4 {Normal} 0-1

[Event "Rated Blitz game"]
[Site "?"]
[Date "2021.03.06"]
[Round "?"]
[White "Prof-Church"]
[Black "pasha1984"]
[Result "0-1"]
[WhiteElo "2339"]
[BlackElo "2440"]
[PlyCount "40"]
[EventDate "2021.??.??"]
[EventType "blitz"]

1. e4 e5 2. Nf3 d5 3. exd5 e4 4. Nd4 Nf6 5. Nc3 c6 6. d3 Bb4 7. Bd2 Bxc3 8.
Bxc3 cxd5 9. dxe4 Nxe4 10. Bb5+ Bd7 11. Bxd7+ Nxd7 12. Bb4 Qb6 13. c3 Qa6 14.
f3 Nec5 15. Qe2+ Qxe2+ 16. Kxe2 O-O-O 17. Kd2 Rhe8 18. Nf5 Kc7 19. Rae1 g6 20.
Ne7 Kd6 {Normal} 0-1

[Event "Rated Blitz tournament mar21bta"]
[Site "?"]
[Date "2021.03.06"]
[Round "?"]
[White "Ksenia2005"]
[Black "Chesspirate_Channel"]
[Result "0-1"]
[WhiteElo "2473"]
[BlackElo "2384"]
[PlyCount "46"]
[EventDate "2021.??.??"]
[EventType "blitz"]

1. e4 e5 2. Nf3 d5 3. Nc3 dxe4 4. Nxe4 f5 5. Ng3 e4 6. Qe2 Nf6 7. d3 Bd6 8.
dxe4 fxe4 9. Nxe4 O-O 10. Nxf6+ Qxf6 11. Qd3 Bf5 12. Qb3+ Kh8 13. Be2 Nc6 14.
O-O Nb4 15. Bd1 Be4 16. a3 Nc6 17. Bd2 Rae8 18. c4 Qg6 19. Kh1 Nd4 20. Qc3 Nxf3
21. Bxf3 Rxf3 22. gxf3 Qh5 23. fxe4 Qxh2# {Normal} 0-1

[Event "Rated Blitz tournament mar21bta"]
[Site "?"]
[Date "2021.03.06"]
[Round "?"]
[White "showmaster33"]
[Black "KamranShirazi"]
[Result "0-1"]
[WhiteElo "2379"]
[BlackElo "2433"]
[PlyCount "94"]
[EventDate "2021.??.??"]
[EventType "blitz"]

1. e4 e5 2. Nf3 d5 3. exd5 e4 4. Qe2 f5 5. d3 Nf6 6. dxe4 fxe4 7. Nc3 Bb4 8.
Ng5 O-O 9. Ne6 Bxe6 10. dxe6 Qe7 11. Qc4 Nc6 12. a3 Bxc3+ 13. Qxc3 Qxe6 14. Bc4
Nd5 15. Qb3 Rad8 16. Bd2 Nd4 17. Qc3 c5 18. O-O Ne2+ 19. Bxe2 Nxc3 20. Bxc3 Kh8
21. Rae1 Qf5 22. Bc4 b6 23. Re3 h6 24. h3 Rd4 25. Bxd4 cxd4 26. Re2 b5 27. Bb3
e3 28. f3 Qf4 29. Rd1 h5 30. Bd5 g5 31. Be4 Rd8 32. c3 g4 33. hxg4 hxg4 34.
cxd4 Rd6 35. d5 Rh6 36. Rc2 Qh2+ 37. Kf1 Qh1+ 38. Ke2 Qxg2+ 39. Kd3 Qg3 40.
Rc8+ Kg7 41. Rdc1 gxf3 42. R1c7+ Kf6 43. Rf8+ Ke5 44. Re7+ Kd6 45. Re6+ Rxe6
46. dxe6 e2 47. Kd2 e1=Q+ {Normal} 0-1

[Event "Rated Blitz game"]
[Site "?"]
[Date "2021.03.06"]
[Round "?"]
[White "EnesYusufKamis34"]
[Black "Schachelite"]
[Result "0-1"]
[WhiteElo "2390"]
[BlackElo "2425"]
[PlyCount "104"]
[EventDate "2021.??.??"]
[EventType "blitz"]

1. e4 e5 2. Nf3 d5 3. exd5 e4 4. Qe2 Nf6 5. d3 Qxd5 6. Nbd2 Nc6 7. Nxe4 Be6 8.
Nxf6+ gxf6 9. Bd2 O-O-O 10. Qe4 Qb5 11. Bc3 Bb4 12. Be2 Bxc3+ 13. bxc3 Qb2 14.
Kd2 Bxa2 15. Qa4 Rhe8 16. Qxa2 Qb6 17. d4 Rxe2+ 18. Kxe2 Qb5+ 19. Kd2 Ne5 20.
Nxe5 fxe5 21. Rhb1 Qc6 22. Qxa7 exd4 23. cxd4 Qxg2 24. Qa8+ Kd7 25. Qxb7 Qxf2+
26. Kc3 Qe3+ 27. Kc4 Qe6+ 28. Qd5+ Ke7 29. Qxe6+ fxe6 30. Re1 Rd6 31. Ra5 Rc6+
32. Rc5 Rb6 33. Rxc7+ Kd6 34. Rc5 Rb2 35. c3 Rxh2 36. Rce5 Rh6 37. R1e4 Rg6 38.
Kd3 h5 39. Re3 h4 40. c4 Rh6 41. c5+ Kd7 42. Rxe6 Rh5 43. Re7+ Kc6 44. R7e6+
Kb5 45. Rb6+ Ka4 46. Re2 Ka3 47. Re1 Ka2 48. Re8 Rh8 49. Ra8+ Rxa8 50. Rh6 Ra3+
51. Ke4 h3 52. c6 Rc3 {Time forfeit} 0-1

[Event "Rated Blitz tournament P105O3Ct"]
[Site "?"]
[Date "2021.03.06"]
[Round "?"]
[White "KolhozZaria"]
[Black "tiberionsky"]
[Result "1-0"]
[WhiteElo "2434"]
[BlackElo "2217"]
[PlyCount "23"]
[EventDate "2021.??.??"]
[EventType "blitz"]

1. e4 e5 2. Nf3 d5 3. exd5 e4 4. Qe2 Nf6 5. d3 Qxd5 6. Nbd2 Be7 7. Nxe4 Nxe4 8.
Qxe4 Qxe4+ 9. dxe4 O-O 10. Bc4 Nc6 11. Be3 Nb4 12. Bb3 {Time forfeit} 1-0

[Event "Rated Blitz game"]
[Site "?"]
[Date "2021.03.06"]
[Round "?"]
[White "khrapov111"]
[Black "Paretsky_Mikhail"]
[Result "0-1"]
[WhiteElo "2405"]
[BlackElo "2222"]
[PlyCount "120"]
[EventDate "2021.??.??"]
[EventType "blitz"]

1. e4 e5 2. Nf3 d5 3. Nxe5 Bd6 4. d4 dxe4 5. Qe2 Nf6 6. Nc3 Nc6 7. Nxc6 bxc6 8.
Bg5 O-O 9. O-O-O Bf5 10. h3 Re8 11. g4 Bg6 12. Bg2 h6 13. Be3 Nd5 14. Nxd5 cxd5
15. h4 Rb8 16. h5 Bh7 17. g5 hxg5 18. h6 g6 19. Bh3 Qf6 20. Rhg1 Bf4 21. Kb1 a5
22. Qd2 a4 23. Qc3 Bxe3 24. fxe3 Qb6 25. Rxg5 Qf6 26. Rxd5 Qf3 27. Rg1 Qxh3 28.
Rdg5 Qxh6 29. d5 Qg7 30. Qa3 Re5 31. R5g2 Rxd5 32. Rh2 Rdb5 33. b3 axb3 34.
axb3 Qe5 35. Rgh1 Qd5 36. Kb2 Ra5 37. Qe7 Rba8 38. Rb1 Ra2+ 39. Kc1 Qf5 40. Rd2
Qe6 41. Qxe6 fxe6 42. Rd7 g5 43. Kd2 Bf5 44. Rg1 Kf8 45. Rxc7 R2a7 46. Rxa7
Rxa7 47. Kc3 Re7 48. Kb2 Rc7 49. c4 Rd7 50. c5 Rc7 51. b4 Rb7 52. c6 Rc7 53. b5
Rc8 54. Kc3 Rb8 55. Kd4 Rxb5 56. Kc4 Rb8 57. c7 Rc8 58. Kd4 Rxc7 59. Ke5 Re7
60. Kf6 Rg7 {Time forfeit} 0-1

[Event "Rated Blitz game"]
[Site "?"]
[Date "2021.03.06"]
[Round "?"]
[White "Pohvalit_Aleksandr"]
[Black "Gifroy"]
[Result "0-1"]
[WhiteElo "2379"]
[BlackElo "2434"]
[PlyCount "96"]
[EventDate "2021.??.??"]
[EventType "blitz"]

1. e4 e5 2. Nf3 d5 3. exd5 e4 4. Nd4 Qxd5 5. Nb3 Qe5 6. Nc3 Bf5 7. Qe2 Nc6 8.
Qb5 Qxb5 9. Bxb5 O-O-O 10. Bxc6 bxc6 11. O-O Nf6 12. Re1 Bb4 13. Ne2 Rhe8 14.
c3 Bd6 15. Ned4 Bd7 16. h3 c5 17. Ne2 Bf5 18. Na5 Kd7 19. Ng3 Bg6 20. Nc4 Kc6
21. b3 h5 22. Nf1 h4 23. Nfe3 Bf4 24. Na5+ Kb5 25. Nac4 Rd3 26. a4+ Ka6 27. Ba3
Bd6 28. Rab1 Rb8 29. b4 cxb4 30. cxb4 Rxa3 31. Nxa3 Bxb4 32. Nb5 Ba5 33. Nc4 e3
34. Rb2 exd2 35. Nxd2 c6 36. Re7 cxb5 37. axb5+ Rxb5 38. Rxa7+ Kxa7 39. Rxb5
Bb6 40. Nc4 Bd4 41. Nd6 Ka6 42. Rb8 Be5 43. Rd8 Kb6 44. Ne8 Bc7 45. Rc8 Nxe8
46. Rxe8 Kc6 47. Re4 Kd5 48. Rg4 Be5 {Time forfeit} 0-1

[Event "Rated Blitz game"]
[Site "?"]
[Date "2021.03.06"]
[Round "?"]
[White "khrapov111"]
[Black "Paretsky_Mikhail"]
[Result "1/2-1/2"]
[WhiteElo "2405"]
[BlackElo "2222"]
[PlyCount "256"]
[EventDate "2021.??.??"]
[EventType "blitz"]

1. e4 e5 2. Nf3 d5 3. Nxe5 Bd6 4. d4 dxe4 5. Bc4 Bxe5 6. dxe5 Qxd1+ 7. Kxd1 Nc6
8. Bf4 Bg4+ 9. Ke1 O-O-O 10. Nc3 Nb4 11. Bb3 f6 12. exf6 Nxf6 13. a3 Nc6 14. h3
Bh5 15. g4 Bg6 16. Be3 Rhe8 17. Kf1 Nd4 18. Kg2 Nxb3 19. cxb3 Bf7 20. b4 Nd5
21. Nxd5 Bxd5 22. Rhd1 b6 23. Rac1 Kb7 24. Kg3 h6 25. h4 c6 26. h5 Rf8 27. Bf4
Rf7 28. a4 Rdf8 29. Be3 Rf3+ 30. Kg2 Be6 31. b5 c5 32. Rd6 Bxg4 33. Rg6 Bxh5
34. Rxg7+ R3f7 35. Rxf7+ Rxf7 36. Bxh6 Bf3+ 37. Kg3 Rh7 38. Be3 Rd7 39. a5 Rg7+
40. Kf4 Rd7 41. a6+ Kc8 42. Ke5 Rc7 43. Rg1 Be2 44. Kd6 Rd7+ 45. Kc6 Rc7+ 46.
Kd6 Rd7+ 47. Kc6 Bc4 48. Rg5 Rc7+ 49. Kd6 Rd7+ 50. Kc6 Bf7 51. Bf4 Be8 52. Rg8
Rd8+ 53. Rxe8 Rxe8 54. Be3 Re6+ 55. Kd5 Kd7 56. Bf4 Re8 57. Be5 Rd8 58. Kxe4
Ke6 59. f4 Rd1 60. Bb8 Rd7 61. f5+ Kf7 62. Ke5 Rd8 63. Bc7 Re8+ 64. Kd6 Rc8 65.
Bxb6 axb6 66. Kd7 Ra8 67. Kc7 Kf6 68. Kxb6 Kxf5 69. Kxc5 Ke6 70. Kb6 Kd7 71.
Kb7 Rh8 72. a7 Rh5 73. b6 Rb5 74. a8=Q Rxb2 75. Qd8+ Kxd8 76. Kc6 Kc8 77. b7+
Kb8 78. Kc5 Rxb7 79. Kc4 Rc7+ 80. Kd5 Rc8 81. Kd6 Rc7 82. Kd5 Kc8 83. Kd6 Kd8
84. Ke5 Rd7 85. Ke6 Ra7 86. Ke5 Ra4 87. Ke6 Ra1 88. Ke5 Ra2 89. Kd4 Ra7 90. Kd5
Ra8 91. Kd4 Rc8 92. Kd5 Rb8 93. Kd4 Rc8 94. Kd5 Rc7 95. Kd4 Rd7+ 96. Ke5 Rh7
97. Ke6 Rh8 98. Ke5 Rg8 99. Ke6 Re8+ 100. Kd5 Re7 101. Kd6 Ke8 102. Kd5 Kf8
103. Kd6 Kf7 104. Kd5 Kf8 105. Kd6 Ke8 106. Kd5 Kf7 107. Kd6 Re8 108. Kd5 Rh8
109. Kd6 Rh7 110. Kd5 Rh1 111. Ke4 Re1+ 112. Kf3 Ra1 113. Kf2 Ra5 114. Kf3 Ra7
115. Kf4 Rd7 116. Ke4 Rb7 117. Ke3 Rb4 118. Kd3 Rb7 119. Kc3 Re7 120. Kd3 Re6
121. Kd4 Rh6 122. Kd3 Rd6+ 123. Ke4 Rg6 124. Ke5 Kf8 125. Ke4 Kg8 126. Ke5 Rg7
127. Ke4 Rf7 128. Ke5 Rg7 {Normal} 1/2-1/2

[Event "Rated Blitz tournament mar21bua"]
[Site "?"]
[Date "2021.03.06"]
[Round "?"]
[White "ragabove"]
[Black "dr_xStranger"]
[Result "1-0"]
[WhiteElo "2484"]
[BlackElo "2499"]
[PlyCount "57"]
[EventDate "2021.??.??"]
[EventType "blitz"]

1. e4 e5 2. Nf3 d5 3. exd5 e4 4. Qe2 Nf6 5. d3 Bb4+ 6. c3 O-O 7. dxe4 Bc5 8.
Bg5 Re8 9. Nbd2 h6 10. Bh4 g5 11. Bg3 Bf5 12. O-O-O Nxe4 13. Nxe4 Rxe4 14. Qd2
Ra4 15. Bd3 Bxd3 16. Qxd3 Rxa2 17. Kb1 Ra6 18. h4 g4 19. Ne5 Qc8 20. Nxf7 Kxf7
21. Qh7+ Kf6 22. Rhe1 Bd6 23. Re6+ Qxe6 24. dxe6 Kxe6 25. Bxd6 Rxd6 26. Rxd6+
Kxd6 27. Qxh6+ Kc5 28. Qf8+ Kb6 29. h5 {Normal} 1-0

[Event "Rated Rapid game"]
[Site "?"]
[Date "2021.03.06"]
[Round "?"]
[White "Pachuau"]
[Black "standbylirik"]
[Result "0-1"]
[WhiteElo "2236"]
[BlackElo "2445"]
[PlyCount "46"]
[EventDate "2021.??.??"]
[EventType "rapid"]

1. e4 e5 2. Nf3 d5 3. Nxe5 Qe7 4. d4 Nf6 5. exd5 Nxd5 6. Bc4 Be6 7. O-O Nc6 8.
Re1 Nxe5 9. Rxe5 O-O-O 10. Qf3 Qf6 11. Bg5 Qxf3 12. gxf3 f6 13. Bxd5 Bxd5 14.
Nc3 Bxf3 15. Re3 fxg5 16. Rxf3 Rxd4 17. Nb5 Rg4+ 18. Kf1 Bc5 19. a3 a6 20. Rg3
Rxg3 21. hxg3 axb5 22. b3 Bd4 23. Rd1 Bc3 {Normal} 0-1

[Event "Rated Blitz game"]
[Site "?"]
[Date "2021.03.06"]
[Round "?"]
[White "bahneh"]
[Black "Lorian2514"]
[Result "0-1"]
[WhiteElo "2396"]
[BlackElo "2418"]
[PlyCount "64"]
[EventDate "2021.??.??"]
[EventType "blitz"]

1. e4 e5 2. Nf3 d5 3. exd5 e4 4. Ne5 Qxd5 5. d4 exd3 6. Nxd3 Bd6 7. Nc3 Qf5 8.
Be2 Nc6 9. O-O Nf6 10. h3 Be6 11. a4 a6 12. Bf3 O-O-O 13. Bxc6 bxc6 14. Be3 c5
15. Qc1 g5 16. f4 g4 17. h4 g3 18. Rf3 Rhg8 19. Ne5 Qh5 20. Rf1 Qxh4 21. Nf3
Qh5 22. Qe1 Rde8 23. Qe2 Kb7 24. Nb5 Nd5 25. Nxd6+ cxd6 26. Qd3 Nb4 27. Qc3 Bd5
28. Bxc5 dxc5 29. Qxc5 Nc6 30. a5 Bxf3 31. Qb6+ Ka8 32. Qxa6+ Na7 {Time forfeit
} 0-1

[Event "Rated Blitz game"]
[Site "?"]
[Date "2021.03.06"]
[Round "?"]
[White "bahneh"]
[Black "Lorian2514"]
[Result "0-1"]
[WhiteElo "2397"]
[BlackElo "2417"]
[PlyCount "48"]
[EventDate "2021.??.??"]
[EventType "blitz"]

1. e4 e5 2. Nf3 d5 3. Nxe5 Bd6 4. d4 dxe4 5. Bc4 Bxe5 6. Qh5 Qe7 7. dxe5 Be6 8.
Bxe6 Qxe6 9. Nc3 Nc6 10. Bf4 O-O-O 11. O-O g6 12. Qe2 f5 13. exf6 Nxf6 14. Bg5
Nd4 15. Qe3 Nxc2 16. Qxa7 Nxa1 17. Rxa1 Rhf8 18. Qa8+ Kd7 19. Qxb7 Qb6 20. Qxb6
cxb6 21. h3 Rde8 22. Rd1+ Kc6 23. Rc1 Kd6 24. Nb5+ Ke5 {Time forfeit} 0-1

[Event "Rated Blitz game"]
[Site "?"]
[Date "2021.03.06"]
[Round "?"]
[White "VanForeest"]
[Black "KamranShirazi"]
[Result "1-0"]
[WhiteElo "2325"]
[BlackElo "2476"]
[PlyCount "91"]
[EventDate "2021.??.??"]
[EventType "blitz"]

1. e4 e5 2. Nf3 d5 3. d4 dxe4 4. Nxe5 Nd7 5. Nxf7 Kxf7 6. Bc4+ Ke8 7. O-O Ngf6
8. Nc3 Nb6 9. Bb3 Bg4 10. f3 exf3 11. gxf3 Bh3 12. Re1+ Be7 13. Bg5 Kf8 14. a4
a5 15. Qd2 h6 16. Bf4 Bd6 17. Rad1 Bxf4 18. Qxf4 Qd6 19. Qh4 Bf5 20. Ne4 Qd8
21. Qf4 Bh7 22. Nc5 Bg8 23. Re6 Nbd5 24. Bxd5 Qxd5 25. Rxf6+ gxf6 26. Qxf6+ Qf7
27. Qxh8 Qg7+ 28. Qxg7+ Kxg7 29. Re1 b6 30. Ne6+ Kf7 31. d5 c6 32. c4 cxd5 33.
cxd5 Kf6 34. Kf2 Rb8 35. Re2 b5 36. axb5 Rxb5 37. Nc7 Rc5 38. d6 Rc6 39. d7 Rd6
40. Ne8+ Kg5 41. Nxd6 Bc4 42. d8=Q+ Kg6 43. Re5 Bf7 44. Qe7 Kg7 45. Qxf7+ Kh8
46. Re8# {Normal} 1-0